Análisis económico de las medidas cautelares civiles
I tiakina i:
| Kaituhi matua: | |
|---|---|
| Hōputu: | Pukapuka |
| Reo: | Pāniora |
| I whakaputaina: |
Santiago
Legal Publishing
2012
|
| Putanga: | 1a. ed |
| Ngā marau: | |
| Ngā Tūtohu: |
Tāpirihia he Tūtohu
Kāore He Tūtohu, Me noho koe te mea tuatahi ki te tūtohu i tēnei pūkete!
|
MARC
| LEADER | 00000cam a2200000 a 4500 | ||
|---|---|---|---|
| 001 | UCF0942 | ||
| 003 | CL-VaPUC | ||
| 008 | 120614e20120200CL |||||||||||||||||spa|d | ||
| 020 | |a 9789563461206 | ||
| 082 | 0 | 4 | |a 346.07 |b CAR |2 21 |
| 100 | 0 | |a Carrasco Delgado, Nicolás Ignacio Ariel |e author |9 562593 | |
| 245 | 1 | 0 | |a Análisis económico de las medidas cautelares civiles |
| 250 | |a 1a. ed | ||
| 300 | |a 361 p | ||
| 942 | |c BK | ||
| 945 | |d 20120614 00:00:00 |a dcastane | ||
| 260 | |a Santiago |b Legal Publishing |c 2012 | ||
| 500 | |a Publicación asociada al proyecto FONDECYT regular Nº 1100530 titulado Hacia una nueva justicia concursal, cuyo investigador principal es el profesor Dr. Raúl Núñez Ojeda de la Pontificia Universidad Católica de Valparaíso | ||
| 650 | 0 | |a Derecho comercial |9 256340 | |
| 650 | 0 | |a Sociedades anónimas |9 255387 | |
| 650 | 7 | |a SOCIEDAD COMERCIAL |2 CL-VaPUC |9 541140 | |
| 650 | 0 | |a Medidas cautelares |9 256590 | |
| 583 | |a last modification |c 20130325 04:23:53 |k Rodrigo Vera | ||
| 999 | |c 347974 |d 347972 | ||
| 952 | |0 0 |1 0 |4 0 |6 346_070000000000000_CAR_2012 |7 0 |8 A |9 449806 |a BIBDER |b BIBDER |d 2019-11-22 |i 485716K |l 4 |o 346.07 CAR 2012 |p 485716K |r 2024-09-30 |s 2024-09-23 |w 2019-11-22 |y BK |k DER | ||